000 00776nam a2200253Ia 4500
003 OSt
005 20220925224503.0
006 a|||||r|||| 00| 0
007 ta
008 220923b |||||||| |||| 00| 0 eng d
037 _cGeneral Book
040 _aRTL
_cRTL
_beng
041 _2eng
_aeng
082 _aY_17.33C.N5, K4
100 _aEmmett Isabel
_9291181
245 0 _aNorth wales villages
_b A social anthropological study
260 _aLondon
_bRoutledge & Kegan Paul UK
_c1964
300 _a154P.
_ccm.
490 _aDartington Hall Studies in Rural Sociology
500 _aBibliography:P147-50; Appenices:P143-46; Index:P151-54
650 _aRace
942 _hY_17.33C.N5, K4
_cGB
_2CC
999 _c581569
_d581569